00753nam a2200193 a 450000100100000000500170001000800410002704000250006808200150009310000310010824500540013926000320019330000210022549000500024659000750029683000570037195201140042899900170054200003520520200930074157.0111026s1890 sp 000 0 spa d aDO-SdBNPbspacBNPHU axxxbG463f1 aGil Fortoul, José96094910aFilosofía constitucional /cJosé Gil Fortoul. aMadrid :bAmérica,c1890. a294 p. ;c19 cm.1 aBiblioteca de Ciencias Políticas y Sociales aPerteneció a la biblioteca personal de Juan Isidro Jimenes Grullón 0aBiblioteca de Ciencias Políticas y Sociales960406 0010507-18MOaGRbGRcOId2011-10-26iLF1l0oxxx G463fp35205-10r2020-06-25w2020-06-25y1ZNo se presta c34696d34696